|
|
|
|
| LEADER |
00000nam0a2200000 4500 |
| 001 |
93398 |
| 005 |
20231031105148.0 |
| 010 |
|
|
|a 5778204892
|b 300 экз.
|
| 021 |
|
|
|a RU
|b 05-66066
|9 05-3251
|
| 035 |
|
|
|a (RuTPU)RU\TPU\book\100008
|
| 090 |
|
|
|a 93398
|
| 100 |
|
|
|a 20060329d2005 k u0rusy5002 ca
|
| 101 |
0 |
|
|a rus
|
| 102 |
|
|
|a RU
|
| 105 |
|
|
|a a z 001zy
|
| 200 |
1 |
|
|a Автоматизация проектирования процессов функционирования человеко-машинных систем на основе метода последовательной оптимизации
|f М. Г. Гриф, Е. Б. Цой
|
| 210 |
|
|
|a Новосибирск
|c Изд-во Новосиб. гос. техн. ун-та
|d 2005
|
| 215 |
|
|
|a 263 с.
|c ил.
|d 23 см.
|
| 225 |
1 |
|
|a Монографии НГТУ
|
| 320 |
|
|
|a Библиогр.: с. 237-241.
|
| 330 |
|
|
|a Монография посвящена теории и практике оптимального проектирования процессов функционирования человеко-машинных систем по показателям эффективности, качества и надежности на основе моделей функционально-структурной теории, методов искусственного интеллекта и последовательного анализа вариантов. В ней изложены необходимые сведения по применяемым моделям, методам, технологиям и инструментальным программным средствам. Книга предназначена для широкого круга специалистов, занимающихся вопросами исследования, проектирования и моделирования сложных систем, а также студентов вузов соответствующих специальностей.
|
| 610 |
0 |
|
|a проектирование
|
| 610 |
0 |
|
|a человек-машина
|
| 610 |
0 |
|
|a функционирование
|
| 610 |
0 |
|
|a оптимизация
|
| 610 |
0 |
|
|a дискретные процессы
|
| 610 |
0 |
|
|a автоматизация
|
| 610 |
0 |
|
|a компьютерные системы
|
| 610 |
0 |
|
|a компьютерные технологии
|
| 610 |
0 |
|
|a эффективность
|
| 610 |
0 |
|
|a качество
|
| 610 |
0 |
|
|a надежность
|
| 610 |
0 |
|
|a вероятностные показатели
|
| 610 |
0 |
|
|a нечеткие показатели
|
| 610 |
0 |
|
|a метод оптимизации
|
| 610 |
0 |
|
|a проектирование
|
| 610 |
0 |
|
|a математическое обеспечение
|
| 610 |
0 |
|
|a использование
|
| 675 |
|
|
|a 681.5
|v 3
|z rus
|
| 700 |
|
1 |
|a Гриф
|b М. Г.
|g Михаил Геннадьевич
|4 070
|
| 701 |
|
1 |
|a Цой
|b Е.Б.
|g Евгений Борисович
|4 070
|
| 801 |
|
0 |
|a RU
|b RKP
|c 20051115
|g PSBO
|
| 801 |
|
1 |
|a RU
|b 63413507
|c 20060329
|g PSBO
|
| 801 |
|
2 |
|a RU
|b 63413507
|c 20070530
|g PSBO
|
| 942 |
|
|
|c BK
|